[Event "Paleochora op 17th"]
[Site "Paleochora"]
[Date "2024.07.20"]
[Round "1"]
[White "Vasquez Toledo, Cristian"]
[Black "Mavridis, Emmanouil"]
[Result "1-0"]
[WhiteElo "2303"]
[BlackElo "1904"]
[PlyCount "55"]
[EventDate "2024.07.20"]
[EventType "swiss"]
[EventRounds "9"]
[EventCountry "GRE"]
[SourceTitle "CBM 221 Extra"]
[Source "ChessBase"]
[SourceDate "2024.09.30"]
[SourceVersion "1"]
[SourceVersionDate "2024.09.30"]
[SourceQuality "1"]

1. e4 e5 2. Nf3 Nc6 3. Bc4 Bc5 4. d3 Nf6 5. 0-0 d6 6. c3 a6 7. Nbd2 0-0 8. h3 Ba7 9. Bb3 Ne7 10. Re1 Ng6 11. d4 Qe7 12. Nf1 Nh5 13. Bg5 Qd7 14. Ng3 Nxg3 15. fxg3 h6 16. Be3 Qe7 17. Qd2 Be6 18. Bc2 f5 19. dxe5 Bxe3+ 20. Rxe3 Nxe5 21. Nxe5 dxe5 22. exf5 Rad8 23. Qe2 Bd5 24. Rxe5 Qc5+ 25. Kh2 Kh8 26. Rd1 c6 27. f6 Qb6 28. fxg7+ 1-0

[Event "GRE-ch U18"]
[Site "Athens"]
[Date "2024.01.08"]
[Round "9"]
[White "Keramaros, Vasileios"]
[Black "Mavridis, Emmanouil"]
[Result "0-1"]
[WhiteElo "1436"]
[BlackElo "1580"]
[PlyCount "112"]
[EventDate "2024.01.02"]
[EventType "swiss"]
[EventRounds "9"]
[EventCountry "GRE"]
[SourceTitle "EXT 2025"]
[Source "ChessBase"]
[SourceDate "2024.10.14"]
[SourceVersion "1"]
[SourceVersionDate "2024.10.14"]
[SourceQuality "1"]
[WhiteTeam "Griechenland"]
[BlackTeam "Griechenland"]
[WhiteTeamCountry "GRE"]
[BlackTeamCountry "GRE"]

1. d4 d5 2. c4 e6 3. Nc3 Be7 4. Nf3 Nf6 5. cxd5 exd5 6. Bg5 h6 7. Bh4 c6 8. e3 Bf5 9. Bd3 Ne4 10. Bxe7 Qxe7 11. Qc2 Nd7 12. 0-0 0-0 13. Nd2 Rae8 14. Rae1 Ndf6 15. f3 Nxd2 16. Qxd2 Bxd3 17. Qxd3 c5 18. dxc5 Qxc5 19. Qd4 Qxd4 20. exd4 Re6 21. Re5 Rxe5 22. dxe5 Nd7 23. Nxd5 Nxe5 24. Rd1 Re8 25. Kf2 Kf8 26. Nc3 a6 27. Ne4 Rc8 28. Rd2 b5 29. b3 Ke7 30. Nd6 Rc3 31. Nf5+ Kf6 32. Ne3 Ke6 33. Nd5 Rc5 34. Nf4+ Kf5 35. Ne2 Nc6 36. a3 g6 37. Nd4+ Nxd4 38. Rxd4 Ke5 39. Re4+ Kd5 40. Rg4 Rc3 41. a4 Rxb3 42. axb5 axb5 43. Rh4 h5 44. g4 Rb4 45. Kg3 hxg4 46. h3 Rd4 47. hxg4 b4 48. Rh7 Ke6 49. Rh8 Rd1 50. Re8+ Kf6 51. Rb8 Rb1 52. Rb5 g5 53. Kf2 b3 54. Ke2 b2 55. Kd2 Rf1 56. Rxb2 Rf2+ 0-1

[Event "GRE-chT U16 14th"]
[Site "Rio Achaia"]
[Date "2022.12.16"]
[Round "3"]
[White "Mavridis, Emmanouil"]
[Black "Kalogridis, Themistoklis"]
[Result "1-0"]
[WhiteElo "1550"]
[BlackElo "1652"]
[PlyCount "53"]
[EventDate "2022.12.15"]
[EventType "team-swiss"]
[EventRounds "6"]
[EventCountry "GRE"]
[SourceTitle "EXT 2024"]
[Source "ChessBase"]
[SourceDate "2023.10.10"]
[SourceVersion "1"]
[SourceVersionDate "2023.10.10"]
[SourceQuality "1"]

1. d4 d5 2. c4 e6 3. Nc3 c5 4. cxd5 cxd4 5. Qxd4 Nc6 6. Qd1 exd5 7. Qxd5 Bd6 8. Nf3 Nf6 9. Qd1 Bf5 10. e3 0-0 11. Bb5 Ne4 12. Nxe4 Bxe4 13. 0-0 Qf6 14. Bd3 Bxf3 15. Qxf3 Qh6 16. Qh3 Qxh3 17. gxh3 Rfd8 18. Be4 Rac8 19. b3 Be5 20. Rb1 b6 21. Bb2 Bxb2 22. Rxb2 Ne5 23. Rc2 Nf3+ 24. Kg2 Nd2 25. Rfc1 Rxc2 26. Bxc2 Rc8 27. Bxh7+ 1-0

[Event "GRE-ch U14"]
[Site "Thessaloniki"]
[Date "2022.08.23"]
[Round "8"]
[White "Mavridis, Emmanouil"]
[Black "Mylonakis, Ioannis Georg"]
[Result "1-0"]
[WhiteElo "1424"]
[BlackElo "1738"]
[PlyCount "161"]
[EventDate "2022.08.18"]
[EventType "swiss"]
[EventRounds "9"]
[EventCountry "GRE"]
[SourceTitle "EXT 2023"]
[Source "ChessBase"]
[SourceDate "2022.10.05"]
[SourceVersion "1"]
[SourceVersionDate "2022.10.05"]
[SourceQuality "1"]

1. d4 Nf6 2. Nf3 g6 3. Bg5 Bg7 4. Nbd2 d5 5. c3 0-0 6. e3 Bf5 7. Be2 Nbd7 8. 0-0 c5 9. Bxf6 Bxf6 10. Qb3 cxd4 11. Nxd4 Nc5 12. Qb5 Rc8 13. Nxf5 gxf5 14. Nb3 b6 15. Rad1 e6 16. Bf3 Nxb3 17. Qxb3 Be5 18. Qa4 Qg5 19. a3 Rc4 20. Qxa7 f4 21. Rd3 Qf5 22. Rfd1 fxe3 23. Rxe3 Rh4 24. g3 Bb8 25. Qe7 Rh6 26. Qb4 Rg6 27. Bg2 Qc2 28. Rde1 Rf6 29. R3e2 Qd3 30. Qxb6 Rc8 31. Qd4 Qxd4 32. cxd4 Ba7 33. Rd1 Rg6 34. Bf3 Kf8 35. Re3 Rc4 36. Red3 Ke7 37. b3 Rc2 38. R1d2 Rc1+ 39. Kg2 Rg8 40. Ra2 Bb6 41. h4 Rgc8 42. Re2 Kd6 43. Bh5 R8c7 44. Red2 f6 45. Bf3 R7c3 46. g4 h6 47. Be2 Rxd3 48. Rxd3 e5 49. dxe5+ Kxe5 50. Bf3 Bd4 51. Be2 Rc2 52. Kf3 Ra2 53. a4 Bc5 54. Rc3 Kd4 55. Rd3+ Ke5 56. Rc3 Kd4 57. Re3 Bd6 58. Re6 Be5 59. Rc6 Rb2 60. Rb6 Kc3 61. a5 Rxb3 62. Rxb3+ Kxb3 63. a6 Bb8 64. Bd3 Kc3 65. Ke3 Ba7+ 66. Ke2 Kd4 67. f4 Bb8 68. Bf5 Kc5 69. Ke3 Kd6 70. Bd3 Ke6 71. Kd4 Ba7+ 72. Kc3 Bc5 73. Bf5+ Kf7 74. Kb3 h5 75. gxh5 Kg7 76. Ka4 Kh6 77. Bg6 d4 78. Kb5 Ba7 79. Kc6 f5 80. Bxf5 Kxh5 81. Bd3 1-0

[Event "GRE-ch Schools Gym-A"]
[Site "Athens"]
[Date "2022.06.12"]
[Round "5"]
[White "Mavridis, Emmanouil"]
[Black "Seretis, Nikolaos G"]
[Result "1-0"]
[WhiteElo "1424"]
[BlackElo "1094"]
[PlyCount "65"]
[EventDate "2022.06.12"]
[EventType "swiss"]
[EventRounds "9"]
[EventCountry "GRE"]
[SourceTitle "EXT 2023"]
[Source "ChessBase"]
[SourceDate "2022.10.05"]
[SourceVersion "1"]
[SourceVersionDate "2022.10.05"]
[SourceQuality "1"]

1. d4 d5 2. c4 e6 3. Nc3 Be7 4. Nf3 Nf6 5. Bg5 h6 6. Bh4 0-0 7. e3 b6 8. Qc2 Bb7 9. cxd5 Nxd5 10. Bxe7 Qxe7 11. Nxd5 Bxd5 12. Bd3 Nc6 13. a3 Na5 14. 0-0 Bxf3 15. gxf3 Rac8 16. Ba6 Rb8 17. b4 Nb7 18. Rac1 Rfc8 19. Qc6 Nd8 20. Qe4 f5 21. Qe5 Nf7 22. Qg3 Rd8 23. Rxc7 Qf6 24. Rfc1 Ng5 25. h4 Nf7 26. Rxa7 e5 27. Rcc7 f4 28. Qg4 Rf8 29. Bc4 exd4 30. Bxf7+ Rxf7 31. Rxf7 Qxf7 32. Rxf7 Kxf7 33. Qxf4+ 1-0

[Event "GRE-ch U12"]
[Site "Patras"]
[Date "2021.09.01"]
[Round "4"]
[White "Mavridis, Emmanouil"]
[Black "Mylonakis, Ioannis Georg"]
[Result "1/2-1/2"]
[WhiteElo "1289"]
[BlackElo "1577"]
[PlyCount "79"]
[EventDate "2021.08.30"]
[EventType "swiss"]
[EventRounds "9"]
[EventCountry "GRE"]
[SourceTitle "EXT 2022"]
[Source "ChessBase"]
[SourceDate "2021.10.06"]
[SourceVersion "1"]
[SourceVersionDate "2021.10.06"]
[SourceQuality "1"]

1. d4 Nf6 2. Nf3 g6 3. Nbd2 d5 4. e3 Bg7 5. b4 0-0 6. c4 c6 7. a4 Bf5 8. Be2 Nbd7 9. 0-0 Ne4 10. Bb2 Re8 11. Nxe4 Bxe4 12. Nd2 e5 13. Nxe4 dxe4 14. d5 cxd5 15. Qxd5 Nf6 16. Qxd8 Raxd8 17. Rfd1 Nd7 18. c5 Nb8 19. Bc4 b6 20. cxb6 axb6 21. Bd5 Na6 22. Ba3 Bf8 23. Rab1 Kg7 24. b5 Nc5 25. Bxc5 Bxc5 26. Bxe4 Rxd1+ 27. Rxd1 Re6 28. g3 Rd6 29. Rc1 Bb4 30. g4 Rd7 31. Rc4 Ba5 32. g5 h6 33. gxh6+ Kxh6 34. Bc6 Rd2 35. Be8 f6 36. Rc6 Kg7 37. Rc7+ Kh6 38. Bf7 Rb2 39. Be8 Be1 40. Kf1 1/2-1/2

[Event "GRE-chT Online Rapid op 1st"]
[Site "Tornelo INT"]
[Date "2021.02.21"]
[Round "8.24"]
[White "Mavridis, Emmanouil"]
[Black "Doudoulakakis, Ioannis"]
[Result "0-1"]
[WhiteElo "1261"]
[BlackElo "1504"]
[PlyCount "78"]
[EventDate "2021.02.20"]
[EventType "team-swiss (rapid)"]
[EventRounds "9"]
[EventCountry "GRE"]
[SourceTitle "EXT 2023"]
[Source "ChessBase"]
[SourceDate "2022.10.05"]
[SourceVersion "1"]
[SourceVersionDate "2022.10.05"]
[SourceQuality "1"]

1. d4 Nf6 2. c4 e6 3. Nc3 Bb4 4. Nf3 0-0 5. Bg5 h6 6. Bh4 c5 7. d5 Bxc3+ 8. bxc3 d6 9. e3 e5 10. Be2 Qa5 11. Qc2 Nbd7 12. 0-0 g5 13. Bg3 Qd8 14. Bd3 Qe7 15. h4 e4 16. hxg5 hxg5 17. Nxg5 exd3 18. Qxd3 Ne5 19. Qc2 Neg4 20. Qd3 Kg7 21. Rfe1 b6 22. f3 Ne5 23. Bxe5 Qxe5 24. f4 Qf5 25. Qe2 Rh8 26. Kf2 Ne4+ 27. Nxe4 Qxe4 28. Rh1 Bf5 29. g4 Rxh1 30. Rxh1 Qxh1 31. gxf5 Qh2+ 32. Kf3 Qxe2+ 33. Kxe2 Rh8 34. e4 Kf6 35. Kf3 Rh3+ 36. Kg4 Rxc3 37. e5+ dxe5 38. fxe5+ Kxe5 39. Kg5 Rxc4 0-1

[Event "GRE-ch North U08/14"]
[Site "Thessaloniki"]
[Date "2020.09.01"]
[Round "9"]
[White "Mavridis, Emmanouil"]
[Black "Maniati, Konstantina"]
[Result "1-0"]
[WhiteElo "1306"]
[BlackElo "1175"]
[PlyCount "163"]
[EventDate "2020.08.26"]
[EventType "swiss"]
[EventRounds "9"]
[EventCountry "GRE"]
[SourceTitle "EXT 2023"]
[Source "ChessBase"]
[SourceDate "2022.10.05"]
[SourceVersion "1"]
[SourceVersionDate "2022.10.05"]
[SourceQuality "1"]

1. d4 d5 2. c4 c6 3. Nf3 Nf6 4. Bf4 dxc4 5. e3 b5 6. a4 e6 7. axb5 cxb5 8. Nc3 Bb4 9. Be2 Nd5 10. Qc2 Nxf4 11. exf4 0-0 12. 0-0 Bxc3 13. Qxc3 a6 14. b3 cxb3 15. Bxb5 Bb7 16. Be2 Nd7 17. Qxb3 Ra7 18. Qe3 Nf6 19. d5 Ra8 20. dxe6 Nd5 21. exf7+ Rxf7 22. Qb3 Nxf4 23. Bc4 Bd5 24. Bxd5 Qxd5 25. Qxd5 Nxd5 26. Rfd1 Nc3 27. Rd3 Rc7 28. h3 Ne2+ 29. Kh2 Rc1 30. Ra2 Rc3 31. Rd6 Nf4 32. Rdxa6 Rxa6 33. Rxa6 Rc2 34. Ng5 g6 35. Ne4 Kg7 36. Rf6 Nd3 37. Rf3 Ne5 38. Ra3 Kf7 39. Ra7+ Kg8 40. Nf6+ Kf8 41. Nxh7+ Ke8 42. Nf6+ Kf8 43. Ne4 Nd3 44. Ra6 Kg7 45. Ra7+ Kf8 46. Ra3 Ne5 47. Re3 Nc4 48. Rf3+ Kg7 49. Ng5 Ne5 50. Ne6+ Kh7 51. Rf4 Ra2 52. Ng5+ Kg8 53. Ne4 Nd3 54. Rf3 Ne5 55. Rg3 Kf7 56. Nd6+ Kg7 57. Ne4 Kf7 58. h4 Ra4 59. Ng5+ Kf6 60. Kh3 Ra1 61. Ne4+ Kf5 62. Re3 Nc4 63. Re2 Kf4 64. Kh2 Kg4 65. Nf6+ Kf5 66. Nd5 Ra5 67. Ne7+ Kf6 68. Nc6 Rc5 69. Nd4 Rh5 70. g3 Rd5 71. Re4 Nd2 72. Rf4+ Ke5 73. Nc6+ Ke6 74. Kg2 Nb3 75. Rg4 Kf6 76. Nb4 Rd2 77. Rg5 Rd4 78. Nd5+ Ke6 79. Nf4+ Kf7 80. Nxg6 Kf6 81. Nf4 Rd2 82. Rg6+ 1-0